| 000 | 00722nam a2200229 a 4500 | ||
|---|---|---|---|
| 001 | BRCA_4250 | ||
| 005 | 20190320204612.0 | ||
| 008 | 140610s1917----gw-ac#####---#000-0#ger-# | ||
| 041 | _ager | ||
| 044 | _agw | ||
| 050 | 4 |
_aPT2638 _b.V65 1917 |
|
| 100 | 1 |
_aVollrat Schumacher, Heinrich _910959 |
|
| 245 | 1 | 0 |
_aLiebe und Leben der Lady Hamilton _bRoman _cvon Heinrich Vollrat Schumacher. |
| 260 |
_aBerlín, Alemania _bVerlag von Rich _c1917 |
||
| 300 |
_a430 p. _bil. (algunas a color), retratos _c21 cm. |
||
| 440 | 0 |
_aRomane berühmter manner und Frauen _910960 |
|
| 500 | _aAM62 | ||
| 600 | 1 | 4 |
_aLyon-Hart, Emma _cLady Hamilton _910961 |
| 650 | 1 | 4 |
_aNovela histórica _zAlemania _910962 |
| 902 | _aGFM | ||
| 942 |
_2lcc _cB |
||
| 999 |
_c3961 _d3961 |
||